| 000 | 00717nam a22002177a 4500 | ||
|---|---|---|---|
| 003 | OSt | ||
| 005 | 20251121153135.0 | ||
| 008 | 251121b |||||||| |||| 00| 0 eng d | ||
| 020 | _a0-534-63306-4. | ||
| 040 |
_aDWCL-Main lib. _cOC |
||
| 082 |
_26th ed. _aCirc. 150.287 K17p 2005 |
||
| 100 | _aKaplan, Robert M. | ||
| 245 |
_aPsychological testing : _bprinciples, applications and issues / _cRobert M. Kaplan |
||
| 250 | _a6th ed. | ||
| 260 |
_aUSA : _bThomson Wadsworth _c, c2005. |
||
| 300 |
_axxi, 745 p. : _bill. _c; 24 cm. |
||
| 504 | _aIncludes bibliographical references and indexes. | ||
| 650 | _aPsychological tests. | ||
| 700 | _aSaccozzo, Denis P. | ||
| 942 |
_2ddc _cBK-CIRC _e6th ed. _hCirc. _n0 |
||
| 999 |
_c6023 _d6023 |
||